| 000 | 01744nam a2200349 a 4500 | ||
|---|---|---|---|
| 001 | dia_204 | ||
| 003 | CHAP | ||
| 005 | 20240212130636.0 | ||
| 007 | ta | ||
| 008 | 220117s1975 mx fr 001 0 spa d | ||
| 010 | _a170632 | ||
| 040 |
_cCHAP _amxchpua |
||
| 050 |
_aHD1289.M4 _b.F46 1975 |
||
| 082 |
_a333.2 _2F46 1975 _b20 |
||
| 100 | 1 |
_aFernández y Fernández, Ramón _940322 |
|
| 245 | 1 | 0 |
_aPerspectivas del ejido / _cRamón Fernández y Fernández |
| 250 | _a1a edición | ||
| 264 |
_aChapingo, México : _bENA. Colegio de Postgraduados. Centro de Economía Agrícola, _c1975 |
||
| 300 | _a137 páginas | ||
| 500 | _aIncluye dedicatoria de donación | ||
| 504 | _aBibliografía: p. 137 | ||
| 520 | 2 | _aUna sensacion de frustracion; Esencia del problema del campo; Deficiencias del ejido; Acciones agrarias defectuosas; Minifundismo ejidal; El arrendamiento de tierras ejidales; Desarrollo o estancamiento; Formas de combate del minifundismo ejidal; Parcelas vacantes; Anticresis; Colectivización; Concentración parcelaria; Inseguridad de la posesión ejidal; Deficiencias de la pequena propiedad; Favorecer las transacciones que concentren la propiedad; Impedir la excesiva partición; Anticresis y ejecuciones hipotecarias; Programas de concentración; Colectivización; Hacia la mediana explotacion; Revision escalonada por regiones; Una nueva politica agraria. | |
| 650 | 1 | 3 |
_aTerreno agrícola _9188704 _zMéxico |
| 650 | 1 | 3 |
_aTenencia de tierra _9147562 _zMéxico |
| 650 | 1 | 3 |
_aAgricultural land _9147559 _zMexico |
| 650 | 1 | 3 |
_aLand tenure _9147561 _zMexico |
| 901 | _a333.2 F46 1975 | ||
| 902 | _aM | ||
| 905 | _a5232271975 mx a 8223223322spa16 | ||
| 942 | _2ddc | ||
| 942 | _cLIBRO | ||
| 999 |
_c170632 _d170632 |
||